Handball World Player of the Year - Statistics

General Stats
  • This quiz has been taken 355 times
    42 since last reset
  • The average score is 14 of 32
Answer Stats
Year Position Country Winner % Correct
2011 Left back Denmark Mikkel Hansen
91%
2015 Left back Denmark Mikkel Hansen
91%
2018 Left back Denmark Mikkel Hansen
91%
2007 Centre back France Nikola Karabatić
91%
2014 Centre back France Nikola Karabatić
91%
2016 Centre back France Nikola Karabatić
91%
2023 Right back Denmark Mathias Gidsel
85%
2024 Right back Denmark Mathias Gidsel
85%
2025 Right back Denmark Mathias Gidsel
85%
2019 Goalkeeper Denmark Niklas Landin Jacobsen
70%
2021 Goalkeeper Denmark Niklas Landin Jacobsen
70%
2003 Centre back Croatia Ivano Balić
52%
2006 Centre back Croatia Ivano Balić
52%
2008 Goalkeeper France Thierry Omeyer
52%
2012 Centre back France Daniel Narcisse
45%
2013 Centre back Croatia Domagoj Duvnjak
39%
2010 Left back Czech Republic Filip Jícha
30%
1995 Centre back France Jackson Richardson
27%
2009 Goalkeeper Poland Sławomir Szmal
27%
2005 Goalkeeper Serbia and Montenegro Arpad Šterbik
24%
2004 Goalkeeper Germany Henning Fritz
24%
1990 Center back Sweden Magnus Wislander
24%
2002 Line player France Bertrand Gille
21%
1994 Centre back Russia Talant Dujshebaev
21%
1996 Centre back Spain Talant Dujshebaev
21%
1998 Left back Germany Daniel Stephan
12%
1999 Left wing Spain Rafael Guijosa
9%
1988 Left back Yugoslavia Veselin Vujović
9%
1989 Right back South Korea Kang Jae-Won
6%
1997 Right back France Stéphane Stoecklin
3%
2001 Right back South Korea Yoon Kyung-Shin
3%
2000 Line player FR Yugoslavia Dragan Škrbić
0%
No matching quizzes found
Score Distribution
Percent of People with Each Score
Percentile by Number Answered
Your Score History
You have not taken this quiz since the last reset